000 01916nam a2200361 c 4500
999 _c16061
_d16061
003 BLK
005 20210127140046.0
008 180413b bul|||||r ||||||| ||bul||
010 _aKNG00017889000
020 _a954-481-013-7
040 _aBLK
041 _aBUL
_cBUL
080 _aПредистория. Предист. паметници на материалната култура и тяхната интерпретация - оръдия на труда, оръжия, култови предмети, мегалити, пещерни и накол
_b903
_x"634":087.5
_z903"634":087.5
100 1 _aЛубутен, Катрин
_eпърви автор
_989703
139 _aЛубутен, Катрин
_bЛ 85
245 1 0 _aРеволюцията през неолита
_bМегалитни паметници ; Майсторите на огъня - начало на металодобива
_cКатрин Лубутен; прев. от фр. Никола Аспарухов Георгиев; ил. Жил Тозело.
257 _aFRA
260 _bКласика
_c1997
300 _a113-128 с.
_bс цв. ил.
_c30 см
380 _a9
490 _aЕволюцията : Енциклопедия Larousse
_vбр. 8
_9439631
500 _aКор. опис. - Ориг. загл. Le neolithiqueune revolution / Catherine Louboutin. - Авт. отбелязан в библиогр. каре ; Други ил.: Ж.-Ф. Шабо, П.-М. Вала. - Офс. изд.
650 4 _aНеолит
_9164143
653 _aнеолит
700 1 _aГеоргиев, Никола Аспарухов
_eпрев. от фр.
_9364835
700 1 _aТозело, Жил
_eил.
_9129833
852 _aЦб ІІ 8691
856 4 _qpdf
_u
856 4 _qpdf
_u
942 _cKNG
_n0
_s1
944 _aCR
_c15.01.2003
_kAB_DOS
944 _aED
_c13.07.2015
_kТеодора_Стоянова
999 _d16061